PDM: A knowledge-based tool for model construction.
Opis PDM, čo je nástroj na konštruovanie modelov výroby, distribúcie na báze lineárneho programovania, pracujúci na základe vedomostí, navrhnutý pre používateľov, ktorí nie sú expertmi. PDM interaktívne pomáha používateľovi definovať kvalitatívny model plánovacej úlohy.
Salvato in:
| Autore principale: | |
|---|---|
| Natura: | Capitolo di libro |
| Lingua: | inglese |
| Soggetti: | |
| Tags: |
Nessun Tag, puoi essere il primo ad aggiungerne!!
|
MARC
| LEADER | 00000naa a2200000 4500 | ||
|---|---|---|---|
| 001 | r007315 | ||
| 005 | 20221130102831.7 | ||
| 041 | 0 | |a eng | |
| 044 | |a NL | ||
| 245 | 1 | 0 | |a PDM: A knowledge-based tool for model construction. |c R. Krishnan |
| 520 | |a Opis PDM, čo je nástroj na konštruovanie modelov výroby, distribúcie na báze lineárneho programovania, pracujúci na základe vedomostí, navrhnutý pre používateľov, ktorí nie sú expertmi. PDM interaktívne pomáha používateľovi definovať kvalitatívny model plánovacej úlohy. | ||
| 610 | 2 | 0 | |a modelovanie |
| 610 | 2 | 0 | |a modely výroby |
| 610 | 2 | 0 | |a inteligencia umelá |
| 610 | 2 | 0 | |a báza znalostí |
| 610 | 2 | 0 | |a plánovanie výroby |
| 610 | 2 | 0 | |a programovanie lineárne |
| 610 | 2 | 0 | |a distribúcia |
| 610 | 2 | 0 | |a modely plánovania |
| 100 | 1 | |a Krishnan, R. | |